000 00781nam a2200253 a 4500
001 000012276
003 DO-SdBNP
005 20250206101004.0
007 ta
008 091110s2021 dr a r 000 f spa d
020 _a9789945808612
040 _aDO-SdBNP
_bspa
_cBNPHU
082 4 _aRD863.44
_bD611s
_222
100 1 _aDisla, Edwin,
_d1961-
_928921
245 1 0 _aSobre la peste y otros relatos /
_cEdwin Disla.
260 _aSanto Domingo :
_bSoto Castillo,
_c2021.
300 _a217 p. :
_bil. ;
_c24 cm.
500 _aIncluye datos biográficos del autor en la solapa de la cubierta
590 _aInventariado, 2022 / DG
650 0 _aNovela dominicana
_9223
650 0 _aLiteratura dominicana.
_967
910 _aDG/Validado. Control de calidad MFF
942 _2ddc
_cLBS1
999 _c51663
_d51663